000 00604nam a2200241Ia 4500
003 OSt
005 20220918174254.0
006 a|||||r|||| 00| 0
007 ta
008 220917b |||||||| |||| 00| 0 eng d
024 _a11,342
037 _cTextual
040 _aARTS
_cARTS
_beng
041 _2eng
_aeng
082 _aM65.5, J7 (906)
100 _aHunter J A
_949776
245 0 _aHunter
260 _aKenya
_bPanther book
_c1957
300 _a254
_ccm.
650 _aINDUSTRIAL ARTS
942 _hM65.5, J7 (906)
_cTEXL
_2CC
999 _c152454
_d152454